Indovina la canzone - Statistics

Statistiche generali
  • Questo quiz è stato fatto 267 volte
  • Il punteggio medio è 7 su 20
Statistiche sulle risposte
Hint Risposta % Corretto
Queen Another One bites the dust
79%
Micheal Jackson Beat it
70%
AC DC Back in black
60%
Linkin park In the end
54%
Beatles Come together
49%
Pink Floyd Wish you were here
45%
Deep purple Smoke on the water
40%
Guns n' roses Paradise city
39%
Dire straits Sultans of swing
39%
Ramones Blitzkrieg bop
30%
Nirvana Rape me
29%
Imagine dragons Sharks
28%
Iggy pop The passenger
28%
Toto Child's Anthem
21%
Kiss Shout It out loud
17%
Lenny Kravitz Where are we runnin'?
16%
Yes Owner of a lonely hearth
14%
Jamiroquai Virtual insanity
13%
Tears for fears Humdrum and Mumble
9%
White Stripes The hardest button to button
7%
Nessun quiz corrispondente trovato
Distribuzione punteggi
Percentuale di utenti per punteggio
Percentile per numero di risposta
I tuoi punteggi nel tempo
Non hai fatto questo quiz